[Event "ICS rated standard match"]
[Site "204.178.125.65"]
[Date "1999.09.14"]
[Round "?"]
[White "Hossa"]
[Black "robbok1"]
[Result "0-1"]
[WhiteElo "2180"]
[BlackElo "2414"]
[PlyCount "97"]
[EventDate "1999.??.??"]

1. Nf3 d5 2. c4 d4 3. e4 Nc6 4. d3 e5 5. Be2 Nf6 6. O-O Bd6 7. Ne1 O-O 8. f4
exf4 9. Bxf4 Bxf4 10. Rxf4 Qd6 11. Rf1 Bd7 12. a3 Rae8 13. Nd2 Ne5 14. Ndf3 Ng6
15. Ng5 h6 16. Ngf3 Ng4 17. Qb3 Nf4 18. Bd1 b6 19. Qb4 c5 20. Qd2 Ng6 21. Nc2
f5 22. exf5 Bxf5 23. Nce1 Nf4 24. b4 Ne3 25. Rf2 Qg6 26. Kh1 Nxd3 27. Nxd3 Bxd3
28. Nh4 Qe6 29. Rf3 Bxc4 30. Be2 g5 31. Rxf8+ Rxf8 32. Nf3 g4 33. Nh4 Bxe2 34.
Qxe2 Qf6 35. g3 d3 36. Qa2+ Kh7 37. Rg1 Qf1 38. Qb1 Qxb1 39. Rxb1 Rf1+ 40. Rxf1
Nxf1 41. Kg1 d2 42. bxc5 bxc5 43. Kxf1 d1=Q+ 44. Kf2 c4 45. Ke3 c3 46. Ke4 Qe2+
47. Kf5 c2 48. Ng6 Qd3+ 49. Ke5 {Hossa resigns} 0-1

[Event "ICS rated standard match"]
[Site "204.178.125.65"]
[Date "1999.09.17"]
[Round "?"]
[White "Hossa"]
[Black "zenna"]
[Result "1-0"]
[WhiteElo "2110"]
[BlackElo "2121"]
[PlyCount "75"]
[EventDate "1999.??.??"]

1. Nf3 d5 2. d4 Nf6 3. Bf4 Nc6 4. e3 e6 5. Bd3 Be7 6. O-O O-O 7. c3 Bd6 8. Bg3
Re8 9. Nbd2 h6 10. Bb5 a6 11. Bxc6 bxc6 12. Qa4 Bd7 13. Rac1 c5 14. Qa5 c4 15.
b3 cxb3 16. axb3 Bxg3 17. fxg3 Qb8 18. Ne5 Qb6 19. Qxb6 cxb6 20. Rxf6 gxf6 21.
Nxd7 Kg7 22. Nxb6 Rab8 23. Nd7 Rb5 24. Ra1 e5 25. dxe5 fxe5 26. Rxa6 Rc8 27. c4
dxc4 28. bxc4 Rb2 29. Rd6 e4 30. Nf6 Ra8 31. Nfxe4 Raa2 32. g4 h5 33. gxh5 f5
34. Rg6+ Kh8 35. Nf6 Rb8 36. Nf1 Rc2 37. h6 Rxc4 38. Rg7 {zenna resigns} 1-0

[Event "ICS rated standard match"]
[Site "204.178.125.65"]
[Date "1999.09.16"]
[Round "?"]
[White "Hossa"]
[Black "zenna"]
[Result "0-1"]
[WhiteElo "2123"]
[BlackElo "2047"]
[PlyCount "125"]
[EventDate "1999.??.??"]

1. Nf3 d6 2. e4 e5 3. d4 exd4 4. Nxd4 Nf6 5. Bd3 Be7 6. O-O O-O 7. Nc3 Nc6 8.
Nxc6 bxc6 9. Bg5 h6 10. Bf4 Nd7 11. Qh5 Nc5 12. Be3 Nxd3 13. cxd3 Bf6 14. d4
Re8 15. Rac1 Ba6 16. Rfd1 Qb8 17. b3 Qb4 18. Qf5 Re6 19. Kh1 Rae8 20. Qg4 Kh7
21. d5 R6e7 22. Bd2 c5 23. f3 g6 24. Qf4 Bg5 25. Qg3 Bxd2 26. Rxd2 Bc8 27. Qh4
Kg7 28. Rdc2 a5 29. Nb1 Ba6 30. Rb2 f5 31. a3 Qd4 32. Rd2 Qe3 33. Rc3 Qg5 34.
Qxg5 hxg5 35. Re3 fxe4 36. Nc3 exf3 37. Rxe7+ Rxe7 38. gxf3 Re3 39. Rc2 Rxf3
40. b4 axb4 41. axb4 cxb4 42. Ne4 Rf7 43. Nxg5 Rf1+ 44. Kg2 b3 45. Ne6+ Kf6 46.
Rb2 Bc4 47. Nxc7 Rc1 48. Kg3 Rc2 49. Rb1 b2 50. Kf4 Ba2 51. Ne8+ Ke7 52. Re1+
Kd8 53. Nxd6 Rc1 54. Nf7+ Kd7 55. Ne5+ Kc7 56. Nd3 Rxe1 57. Nxb2 Bxd5 58. Nd3
Rh1 59. Ke5 Ba2 60. Nf4 Bb1 61. h3 Kd7 62. Kf6 Kd6 63. h4 {Hossa resigns} 0-1

[Event "ICS rated standard match"]
[Site "204.178.125.65"]
[Date "1999.09.15"]
[Round "?"]
[White "JuhaniK"]
[Black "Hossa"]
[Result "0-1"]
[WhiteElo "2053"]
[BlackElo "2129"]
[PlyCount "64"]
[EventDate "1999.??.??"]

1. e4 e5 2. Nf3 Nc6 3. Bb5 a6 4. Ba4 Nf6 5. O-O Be7 6. Re1 b5 7. Bb3 d6 8. c3
O-O 9. h3 Na5 10. Bc2 c5 11. d4 Nd7 12. dxc5 dxc5 13. Nbd2 Bb7 14. a4 b4 15. c4
Nc6 16. b3 Nd4 17. Nxd4 exd4 18. Nf1 Bf6 19. Bd3 Ne5 20. f4 Nxd3 21. Qxd3 Qd7
22. Ra2 Bh4 23. Ree2 Rfe8 24. Bd2 f5 25. exf5 Rxe2 26. Qxe2 Qxf5 27. Be1 Bxe1
28. Qxe1 Qxf4 29. Rf2 Qe4 30. Re2 Qc6 31. Qg3 Rf8 32. Re7 32... Rxf1+ {
JuhaniK resigns} 0-1

[Event "ICS rated standard match"]
[Site "204.178.125.65"]
[Date "1999.09.17"]
[Round "?"]
[White "Marten"]
[Black "Hossa"]
[Result "0-1"]
[WhiteElo "2183"]
[BlackElo "2150"]
[Annotator "Fritz 5.32 (20s)"]
[PlyCount "22"]
[EventDate "1999.??.??"]

1. e4 1... c5 {Opening = 2.Nc3 Nc6 3.f4 / 2.Nc3 d6 3.f4} 2. Nc3 Nc6 3. f4 g6 4.
Nf3 Bg7 5. Bc4 Na5 (5... d6 6. O-O a6 7. f5 Nf6 8. d3 Na5 9. Bb3 Nxb3 10. axb3
gxf5 11. Qe1 fxe4 12. dxe4 Be6 13. Qh4 Qb6 14. Be3 O-O-O 15. Ng5 h5 16. h3 Bh6
17. Qf2 Rdg8 18. Nxe6 fxe6 19. e5 Nd7 20. exd6 exd6 21. Rae1 Qc6 22. Bxh6 Rxh6
23. Qd2 Rhg6 24. Rf2 Ne5 25. Rxe5 dxe5 26. Qe2 Rg5 27. Qe4 Kc7 28. Kh2 Qxe4 29.
Nxe4 Rf5 30. Re2 b6 31. Kh1 Rf1+ 32. Kh2 h4 33. c3 Rd8 34. Ng5 Rdd1 35. g4
35... Rde1 {0-1 Southam,D-Rajlich,V/Toronto 1998/CBM 65 ext (35)}) 6. Be2 d6 7.
O-O 7... Nc6 $146 (7... a6 8. a4 Nf6 9. d3 O-O 10. Be3 Nc6 11. Qc1 Ng4 12. Bd2
f5 13. h3 Nh6 14. Qe1 e6 15. Kh1 Rb8 16. Rg1 Nd4 17. Nxd4 Bxd4 18. Rf1 b5 19.
axb5 axb5 20. g4 Bg7 21. Bf3 b4 22. Nd1 {
Schnider,G-Bonstingl,G/Schladming 1994/EXT 99/0-1 (38)}) (7... Nf6 8. Kh1 O-O
9. Qe1 Nc6 10. d3 Nd4 11. Nxd4 cxd4 12. Nd1 Bd7 13. Bd2 a5 14. c3 dxc3 15. Bxc3
b5 16. a3 Qb6 17. Bf3 Bc6 18. Ne3 Nd7 19. Bxg7 Kxg7 20. Ng4 f6 21. Rc1 Rac8 22.
b4 {Fong,J-Soltis,A/New York 1992/TD/0-1 (43)}) 8. Bc4 Nh6 9. a4 Nd4 10. d3
Nxf3+ 11. Rxf3 $17 (11. Qxf3 $5 $142 {und Weiss kann noch kaempfen} 11... O-O
12. Qg3 $11) 11... Bg4 (11... Bg4 12. Bb5+ 12... Kf8 $17) 0-1

[Event "ICS rated standard match"]
[Site "204.178.125.65"]
[Date "1999.09.18"]
[Round "?"]
[White "Morr"]
[Black "Hossa"]
[Result "1-0"]
[WhiteElo "2369"]
[BlackElo "2167"]
[PlyCount "120"]
[EventDate "1999.??.??"]

1. g3 e5 2. Bg2 d5 3. c4 dxc4 4. Qa4+ Nd7 5. Nf3 Bd6 6. O-O Ne7 7. Qxc4 O-O 8.
d3 Nb6 9. Qc2 Nbd5 10. Nc3 Nb4 11. Qb1 Bg4 12. h3 Bf5 13. a3 Nbc6 14. b4 Qc8
15. Kh2 a5 16. b5 Nd4 17. Nxd4 exd4 18. Ne4 Bxe4 19. dxe4 c5 20. e3 Qd7 21.
exd4 cxd4 22. f4 Rac8 23. Rd1 Bc5 24. Qd3 Rfd8 25. Bb2 Qe6 26. Rac1 Qa2 27. Rc2
Bb6 28. Rcd2 Qe6 29. Bf3 Bc5 30. Bg4 f5 31. exf5 Qf6 32. Qe4 h5 33. Bxh5 Qxf5
34. Qe2 Qf6 35. Bg4 Nf5 36. Qe4 Rf8 37. Qxb7 Rcd8 38. Qc7 Bb6 39. Qc4+ Qf7 40.
Qxf7+ Rxf7 41. Bxf5 Rxf5 42. a4 Rfd5 43. Kg2 Kf7 44. Kf3 R5d6 45. h4 g6 46. g4
Kg7 47. g5 Kg8 48. Kg4 Rd5 49. h5 gxh5+ 50. Kxh5 d3 51. Kg6 R8d6+ 52. Bf6 Rd4
53. Re1 Rxf6+ 54. gxf6 Rd8 55. Rxd3 Rb8 56. Re7 Bf2 57. Rdd7 Bd4 58. Rg7+ Kh8
59. Rh7+ Kg8 60. Rdg7+ 60... Kf8 {Hossa resigns} 1-0

[Event "ICS rated standard match"]
[Site "204.178.125.65"]
[Date "1999.09.21"]
[Round "?"]
[White "NEPTUN"]
[Black "Hossa"]
[Result "1-0"]
[WhiteElo "1974"]
[BlackElo "2124"]
[PlyCount "40"]
[EventDate "1999.??.??"]

1. Nf3 Nf6 2. b3 Nc6 3. Bb2 e6 4. e3 Bb4 5. Be2 Ng4 6. Bxg7 Rg8 7. Bb2 f5 8.
O-O Bd6 9. h3 Nh2 10. Nxh2 Qg5 11. Bf3 Qh4 12. Kh1 Rg6 13. Bh5 Qg5 14. Bxg6+
hxg6 15. f4 Qg3 16. Qe1 Qxe1 17. Rxe1 Nb4 18. Rc1 Be7 19. Nf3 Nc6 20. a3 20...
d6 {Hossa resigns} 1-0

[Event "ICS rated standard match"]
[Site "204.178.125.65"]
[Date "1999.09.21"]
[Round "?"]
[White "Oilhead"]
[Black "Hossa"]
[Result "0-1"]
[WhiteElo "2045"]
[BlackElo "2140"]
[PlyCount "28"]
[EventDate "1999.??.??"]

1. e4 e5 2. Bc4 Nf6 3. d3 c6 4. a3 d5 5. exd5 cxd5 6. Bb5+ Bd7 7. c4 Bxb5 8.
cxb5 Qa5+ 9. Nc3 d4 10. b4 Bxb4 11. axb4 Qxa1 12. Na4 Nd5 13. Nc5 Nxb4 14. Ne2
14... Qa5 {Oilhead resigns} 0-1

[Event "ICS rated standard match"]
[Site "204.178.125.65"]
[Date "1999.10.02"]
[Round "?"]
[White "PostModernist"]
[Black "Hossa"]
[Result "1-0"]
[WhiteElo "2435"]
[BlackElo "2071"]
[PlyCount "171"]
[EventDate "1999.??.??"]

1. e4 Nc6 2. Nf3 d5 3. exd5 Qxd5 4. d4 Bg4 5. Be2 O-O-O 6. c4 Qf5 7. Be3 Bxf3
8. Bxf3 Nxd4 9. Bxd4 Qe6+ 10. Be2 Qe4 11. Nc3 Qxd4 12. Qxd4 Rxd4 13. Nb5 Rd8
14. Nxa7+ Kb8 15. Nb5 e5 16. a3 Nf6 17. b4 c5 18. Rb1 Be7 19. O-O Rd2 20. Rfe1
e4 21. g3 Rhd8 22. f3 cxb4 23. axb4 Rc2 24. fxe4 Rdd2 25. e5 Ne4 26. Kf1 Rd8
27. Rbd1 Nd2+ 28. Kg1 Bxb4 29. Rf1 Rf8 30. Rf4 Bc5+ 31. Kh1 Be3 32. Rh4 h6 33.
Re1 Ra2 34. Nc3 Ra3 35. Nb5 Ra5 36. Kg2 Ra2 37. Nc3 Rb2 38. Nd5 g5 39. Rxh6
Nxc4 40. Nxe3 Nxe3+ 41. Kg1 Re8 42. e6 Rxe6 43. Rxe6 fxe6 44. Bh5 Rb3 45. Kf2
Nf5 46. Rxe6 Ng7 47. Bd1 Rb2+ 48. Re2 Rb1 49. Bc2 Rb4 50. h3 Ka7 51. Kf3 Rc4
52. Bd3 Rc3 53. Re3 Rc6 54. Kg4 Rh6 55. Re7 Ne6 56. Bf5 Nd4 57. Bc8 Kb8 58.
Bxb7 Rb6 59. Re4 Rd6 60. Ba6 Nb3 61. Rb4+ Kc7 62. Rb7+ Kc8 63. Rxb3+ Rxa6 64.
Kxg5 Ra5+ 65. Kf4 Ra1 66. g4 Ra4+ 67. Kg3 Kd7 68. h4 Ke6 69. h5 Ra1 70. Rb6+
Ke5 71. h6 Rh1 72. Rg6 Rd1 73. g5 Kf5 74. Rg7 Rg1+ 75. Kf3 Rh1 76. h7 Rh3+ 77.
Kg2 Rh4 78. g6 Kg5 79. Rg8 Rb4 80. h8=Q Rg4+ 81. Kh3 Re4 82. Re8 Rf4 83. Qe5+
Rf5 84. Qe7+ Rf6 85. g7 Kh5 86. Qe5+ {Hossa resigns} 1-0

[Event "ICS rated standard match"]
[Site "204.178.125.65"]
[Date "1999.09.22"]
[Round "?"]
[White "SAMSUN"]
[Black "Hossa"]
[Result "1-0"]
[WhiteElo "1847"]
[BlackElo "2080"]
[PlyCount "56"]
[EventDate "1999.??.??"]

1. d4 d5 2. c4 e6 3. Nc3 Nf6 4. Bg5 Be7 5. e3 O-O 6. Rc1 c5 7. Nf3 Nc6 8. a3
cxd4 9. Nxd4 Bd7 10. Be2 Ne5 11. Bxf6 Bxf6 12. cxd5 Qb6 13. Qd2 Rac8 14. O-O a6
15. dxe6 fxe6 16. Ne4 Bh4 17. Nf3 Rcd8 18. Nxe5 Bc6 19. Qc2 Bd5 20. Nc3 Bb3 21.
Qe4 Rxf2 22. Rxf2 Bxf2+ 23. Kxf2 Bd5 24. Nxd5 exd5 25. Qd4 Qc6 26. Rxc6 bxc6
27. Nxc6 Rd6 28. Qc5 28... Rd7 {Hossa resigns} 1-0

[Event "ICS rated standard match"]
[Site "204.178.125.65"]
[Date "1999.09.21"]
[Round "?"]
[White "Stoic"]
[Black "Hossa"]
[Result "0-1"]
[WhiteElo "2111"]
[BlackElo "2139"]
[PlyCount "32"]
[EventDate "1999.??.??"]

1. e4 e5 2. Nf3 Nf6 3. Nxe5 d6 4. Nf3 Nxe4 5. d4 Bf5 6. Bd3 d5 7. O-O Be7 8.
Re1 O-O 9. Bf4 Nc6 10. c3 Re8 11. Ne5 Nxe5 12. Bxe5 Qd7 13. Nd2 Nxf2 14. Kxf2
Bxd3 15. Re3 Bf5 16. Qh5 16... Bg4 {Stoic resigns} 0-1

[Event "ICS rated standard match"]
[Site "204.178.125.65"]
[Date "1999.09.21"]
[Round "?"]
[White "axn"]
[Black "Hossa"]
[Result "0-1"]
[WhiteElo "2002"]
[BlackElo "2162"]
[PlyCount "68"]
[EventDate "1999.??.??"]

1. Nf3 Nf6 2. c4 c5 3. g3 Nc6 4. Bg2 e5 5. Nc3 Be7 6. d3 O-O 7. a3 d5 8. cxd5
Nxd5 9. O-O Be6 10. Nd2 Nxc3 11. bxc3 Qd7 12. Qc2 Bh3 13. Nc4 b5 14. Ne3 Rad8
15. f4 exf4 16. Rxf4 Bxg2 17. Nxg2 Qh3 18. Rf2 Bd6 19. Bf4 Ne5 20. Bxe5 Bxe5
21. Nf4 Qd7 22. Rb1 Rfe8 23. Ng2 a6 24. Nh4 Qh3 25. Rg2 Bf6 26. Nf3 c4 27. d4
Re3 28. a4 bxa4 29. Qxa4 Rxc3 30. Qxa6 Qg4 31. Qa7 Qe4 32. Rb8 Rxf3 33. Rxd8+
Bxd8 34. exf3 34... Qe1# {axn checkmated} 0-1

[Event "ICS rated standard match"]
[Site "204.178.125.65"]
[Date "1999.09.16"]
[Round "?"]
[White "bookbuilder"]
[Black "Hossa"]
[Result "1-0"]
[WhiteElo "2428"]
[BlackElo "2130"]
[PlyCount "114"]
[EventDate "1999.??.??"]

1. e4 c6 2. Nf3 d5 3. Nc3 Bg4 4. h3 Bxf3 5. Qxf3 e6 6. g3 Nf6 7. Bg2 Bb4 8. e5
Nfd7 9. Qg4 Bxc3 10. dxc3 Qc7 11. Qxg7 Qxe5+ 12. Qxe5 Nxe5 13. Bf4 Ng6 14. Bg5
Nd7 15. O-O-O Rg8 16. Kb1 f6 17. Bc1 e5 18. h4 Ne7 19. Bh3 Rg7 20. Bh6 Rg6 21.
Be3 f5 22. Bg5 Nf6 23. Rhe1 e4 24. Be3 Ng4 25. Bd4 b6 26. b4 Rc8 27. Be3 Nxe3
28. Rxe3 Ra8 29. Kb2 a5 30. Rh1 f4 31. gxf4 Rf6 32. f3 Rxf4 33. fxe4 axb4 34.
cxb4 Ra4 35. a3 dxe4 36. Bg2 Kf7 37. Bxe4 h6 38. Rd1 Ra7 39. Rd6 Rxh4 40. Bxc6
Rc7 41. Be4 Nc8 42. Bd5+ Kg7 43. Rg3+ Kf8 44. Rf6+ Ke8 45. Re3+ Kd7 46. Be6+
Ke7 47. Rf7+ Kd6 48. Rd3+ Kxe6 49. Rxc7 Ne7 50. Re3+ Kf5 51. Rcxe7 Rc4 52. R7e6
Kf4 53. Rc3 Rxc3 54. Kxc3 h5 55. Rxb6 h4 56. b5 Kg5 57. Re6 57... Kf4 {
Hossa resigns} 1-0

[Event "ICS rated standard match"]
[Site "204.178.125.65"]
[Date "1999.09.14"]
[Round "?"]
[White "camb"]
[Black "Hossa"]
[Result "1-0"]
[WhiteElo "2436"]
[BlackElo "2173"]
[PlyCount "57"]
[EventDate "1999.??.??"]

1. e4 c6 2. d4 d5 3. Nc3 dxe4 4. Nxe4 Bf5 5. Bd3 Qxd4 6. Nf3 Qd8 7. O-O e6 8.
Bf4 Be7 9. Re1 Nd7 10. Nd6+ Bxd6 11. Bxd6 Bxd3 12. Qxd3 Nb6 13. Rad1 a5 14. Qb3
a4 15. Qb4 Nf6 16. c4 Nfd7 17. Ne5 Qc8 18. Nd3 Rg8 19. Nc5 a3 20. Nxe6 fxe6 21.
Rxe6+ Kf7 22. Re7+ Kg6 23. Qb3 axb2 24. Qd3+ Kf6 25. Qf3+ Kg5 26. h4+ Kh6 27.
Qf5 Ra5 28. Bf4+ g5 29. Rxh7# {Hossa checkmated} 1-0

[Event "ICS rated standard match"]
[Site "204.178.125.65"]
[Date "1999.09.19"]
[Round "?"]
[White "dieng"]
[Black "Hossa"]
[Result "1-0"]
[WhiteElo "2212"]
[BlackElo "2155"]
[PlyCount "219"]
[EventDate "1999.??.??"]

1. d4 Nf6 2. c4 g6 3. Nc3 Bg7 4. e4 d6 5. Be2 O-O 6. Bg5 Nfd7 7. Nf3 f6 8. Be3
e5 9. O-O Re8 10. d5 Na6 11. Qc2 Ndc5 12. Rfc1 f5 13. Bg5 Qd7 14. Nd2 Rf8 15.
a3 Qf7 16. f3 Nd7 17. b4 fxe4 18. Ndxe4 h6 19. Be3 b6 20. Qd2 Kh7 21. Bd3 Nf6
22. Ng3 Nb8 23. b5 a6 24. a4 Re8 25. Bf2 Nbd7 26. Bc2 axb5 27. Nxb5 Nc5 28.
Bxc5 bxc5 29. a5 Ba6 30. Rab1 Reb8 31. Ba4 Kg8 32. Re1 Ne8 33. Ne4 Rb7 34. Red1
Rab8 35. Qe2 Kh8 36. Re1 Qe7 37. Qd2 Qf8 38. h3 Kg8 39. Qe2 Qf4 40. g3 Qf7 41.
Kg2 Qf5 42. g4 Qf4 43. h4 Nf6 44. Qd3 Nxe4 45. Rxe4 Qf6 46. Kg3 Rf8 47. Bc2 Qe7
48. Re3 Qf7 49. Qxg6 Qf4+ 50. Kf2 Qh2+ 51. Kf1 Qh1+ 52. Ke2 Qg2+ 53. Kd1 Rxf3
54. Re2 Qg3 55. Qe6+ Kh8 56. Bf5 Rb8 57. Qg6 Rxf5 58. Qxf5 Qxh4 59. Kd2 Rf8 60.
Qg6 Rf6 61. Qh5 Qg3 62. Qe8+ Bf8 63. Qc6 Bc8 64. Nc3 Qf4+ 65. Kc2 Qxc4 66. Rd2
Bxg4 67. Rb3 Bd1+ 68. Rxd1 Rf2+ 69. Rd2 Rxd2+ 70. Kxd2 Qxb3 71. Qb5 Qa3 72. a6
e4 73. Qb8 e3+ 74. Kc2 Qxa6 75. Qxf8+ Kh7 76. Qf7+ Kh8 77. Qg6 h5 78. Qxh5+ Kg7
79. Qg5+ Kf7 80. Qxe3 Qa7 81. Qe6+ Kg7 82. Qg4+ Kf8 83. Qc8+ Ke7 84. Kd2 Qa5
85. Kd3 Qb6 86. Ke3 Qa5 87. Kd2 Kf6 88. Qe6+ Kg5 89. Qf7 Kg4 90. Kc2 Kg3 91.
Kd3 Qa6+ 92. Ke3 Qa3 93. Kd2 Qa5 94. Kc2 Kg2 95. Qg6+ Kh2 96. Qf5 Kg2 97. Qg4+
Kh2 98. Kd3 Qb6 99. Qe2+ Kh3 100. Qh5+ Kg2 101. Ke3 c4+ 102. Ke4 Qb4 103. Qe2+
Kh3 104. Qf1+ Kh2 105. Ne2 Qb3 106. Qg1+ Kh3 107. Kf4 Qe3+ 108. Qxe3+ Kh4 109.
Qg3+ Kh5 110. Qg5# {Hossa checkmated} 1-0

[Event "ICS rated standard match"]
[Site "204.178.125.65"]
[Date "1999.09.18"]
[Round "?"]
[White "janh"]
[Black "Hossa"]
[Result "1/2-1/2"]
[WhiteElo "2081"]
[BlackElo "2160"]
[PlyCount "156"]
[EventDate "1999.??.??"]

1. d4 Nf6 2. c4 e6 3. Nc3 Bb4 4. a3 Bxc3+ 5. bxc3 c5 6. e3 b6 7. Bd3 Bb7 8. f3
O-O 9. e4 d5 10. cxd5 exd5 11. e5 Nfd7 12. Ne2 Ba6 13. O-O Bxd3 14. Qxd3 Nc6
15. Nf4 Re8 16. Nxd5 Nf8 17. dxc5 Nxe5 18. Qd4 Nc6 19. Qd2 bxc5 20. Rb1 Rb8 21.
Rxb8 Qxb8 22. Rd1 Qb3 23. Rf1 Ne6 24. Qd1 Qxd1 25. Rxd1 Rb8 26. Kf2 a5 27. Nf4
Rb3 28. Rd6 Ne5 29. Rd5 Rxc3 30. Rxe5 Rxc1 31. Nxe6 fxe6 32. Rxe6 Ra1 33. Re3
Ra2+ 34. Kg3 a4 35. h4 Kf7 36. Kf4 Kf6 37. g4 Ra1 38. h5 Rc1 39. g5+ Kf7 40.
Ke5 Rh1 41. Re4 Rxh5 42. f4 h6 43. Rxa4 hxg5 44. Ra7+ Kg6 45. f5+ Kh6 46. Ra6+
Kh7 47. a4 Rh3 48. a5 c4 49. Kd5 Rf3 50. Kxc4 Rxf5 51. Kb4 g4 52. Rd6 g3 53.
Rd1 g2 54. Rg1 Rf2 55. a6 Ra2 56. Kb5 Kg6 57. Kb6 Rb2+ 58. Kc6 Rc2+ 59. Kb6 Ra2
60. a7 Kf5 61. Rxg2 Rxa7 62. Kxa7 g5 63. Kb6 g4 64. Kc5 Kf4 65. Kd5 Kf3 66. Rh2
g3 67. Rh3 Kf2 68. Ke4 g2 69. Rf3+ Kg1 70. Rf7 Kh1 71. Rh7+ Kg1 72. Kf3 Kf1 73.
Rb7 g1=N+ 74. Ke3 Nh3 75. Rb2 Ng1 76. Rb8 Nh3 77. Rh8 Kg2 78. Rxh3 78... Kxh3 {
Game drawn because neither player has mating material} 1/2-1/2

[Event "ICS rated standard match"]
[Site "204.178.125.65"]
[Date "1999.09.19"]
[Round "?"]
[White "janh"]
[Black "Hossa"]
[Result "1-0"]
[WhiteElo "2088"]
[BlackElo "2140"]
[PlyCount "174"]
[EventDate "1999.??.??"]

1. d4 Nf6 2. c4 e6 3. Nc3 Bb4 4. a3 Bxc3+ 5. bxc3 c5 6. e3 b6 7. Bd3 Bb7 8. f3
O-O 9. e4 d5 10. cxd5 exd5 11. e5 Nfd7 12. Ne2 Ba6 13. O-O Bxd3 14. Qxd3 Nc6
15. Nf4 Re8 16. Nxd5 Nf8 17. dxc5 Nxe5 18. Qd4 Nc6 19. Qc4 Na5 20. Qa2 bxc5 21.
Bf4 Ne6 22. Bg3 Qg5 23. Rfe1 Nc6 24. Rad1 Rad8 25. a4 Kh8 26. Kf2 Rd7 27. Qc4
Qd8 28. Qb3 Ne7 29. c4 Nd4 30. Qb8 Qxb8 31. Bxb8 Rxb8 32. Nxe7 Rb2+ 33. Kf1 h6
34. Nc6 Kh7 35. Re4 f5 36. Re8 Ra2 37. a5 h5 38. f4 h4 39. h3 Ra4 40. Ree1 Nxc6
41. Rxd7 Rxc4 42. Kg1 Rxf4 43. Rc7 Nxa5 44. Ree7 a6 45. Rxc5 Nb3 46. Rcc7 Nd4
47. Rxg7+ Kh6 48. Rh7+ Kg5 49. Rcg7+ Kf6 50. Ra7 Ne2+ 51. Kh2 Ra4 52. Rxa6+
Rxa6 53. Rh6+ Kg5 54. Rxa6 Ng3 55. Rd6 Kh5 56. Re6 Kg5 57. Rc6 Ne2 58. Rd6 Ng3
59. Kg1 Kf4 60. Rd3 Nh5 61. Rd4+ Kg5 62. Kf2 Ng3 63. Rc4 Ne4+ 64. Ke3 Ng3 65.
Rc6 Nf1+ 66. Kd4 Kf4 67. Rc3 Kg5 68. Ke5 Nd2 69. Rc8 Nf1 70. Rg8+ Kh6 71. Kxf5
Ne3+ 72. Ke4 Nc4 73. Kf4 Kh7 74. Rg4 Nb2 75. Rxh4+ Kg6 76. Ke3 Nd1+ 77. Kd3
Nf2+ 78. Ke2 Nh1 79. Rg4+ Kf5 80. Kf1 Ke5 81. Kg1 Kf5 82. Kxh1 Ke5 83. Rg8 Kd5
84. h4 Kc4 85. h5 Kc3 86. h6 Kc4 87. h7 87... Kd5 {Hossa resigns} 1-0

[Event "ICS rated standard match"]
[Site "204.178.125.65"]
[Date "1999.09.19"]
[Round "?"]
[White "urfi75"]
[Black "Hossa"]
[Result "0-1"]
[WhiteElo "2020"]
[BlackElo "2126"]
[PlyCount "44"]
[EventDate "1999.??.??"]

1. Nf3 Nf6 2. g3 g6 3. c4 Bg7 4. Bg2 O-O 5. O-O d5 6. d4 dxc4 7. Na3 c5 8. Nxc4
cxd4 9. Nxd4 Ng4 10. Nf3 Nc6 11. h3 Nf6 12. Qc2 Bf5 13. Qb3 Qc8 14. Kh2 Be6 15.
Qa4 Rd8 16. Nfe5 Nxe5 17. Nxe5 Bd5 18. Be3 Bxg2 19. Kxg2 Nd5 20. Bd4 Qf5 21.
Nf3 Qe4 22. Bxg7 22... Qxa4 {urfi75 resigns} 0-1

[Event "ICS rated standard match"]
[Site "204.178.125.65"]
[Date "1999.09.16"]
[Round "?"]
[White "zenna"]
[Black "Hossa"]
[Result "0-1"]
[WhiteElo "2070"]
[BlackElo "2114"]
[PlyCount "36"]
[EventDate "1999.??.??"]

1. e4 c5 2. Nf3 Nc6 3. d4 cxd4 4. Nxd4 Nf6 5. Nc3 Nxd4 6. Qxd4 b6 7. Bc4 e6 8.
Bg5 Bc5 9. Qd3 Bxf2+ 10. Kd2 h6 11. Bf4 Bb7 12. Bd6 Bc5 13. Rae1 Ng4 14. Bxc5
Ne5 15. Qd4 Qg5+ 16. Kd1 bxc5 17. Qxc5 Rc8 18. Qb4 18... Rxc4 {zenna resigns}
0-1

[Event "ICS rated standard match"]
[Site "204.178.125.65"]
[Date "1999.09.15"]
[Round "?"]
[White "zenna"]
[Black "Hossa"]
[Result "1-0"]
[WhiteElo "2041"]
[BlackElo "2156"]
[PlyCount "136"]
[EventDate "1999.??.??"]

1. e4 c5 2. Nf3 Nc6 3. d4 cxd4 4. Nxd4 Nxd4 5. Qxd4 e6 6. Bc4 Ne7 7. Nc3 Nc6 8.
Qd3 Ne5 9. Qd4 Nxc4 10. Qxc4 b6 11. Nb5 Bc5 12. b4 Qf6 13. bxc5 Qxa1 14. Nc7+
Kd8 15. O-O Qe5 16. Nxa8 Bb7 17. cxb6 Bxa8 18. bxa7 Qxe4 19. Qxe4 Bxe4 20. Bf4
Ke7 21. Rb1 Ra8 22. Bb8 Bxc2 23. Rb4 g5 24. f3 f5 25. Kf2 f4 26. Ke2 h6 27. Kd2
Bf5 28. Kc3 h5 29. Kd4 h4 30. Kc5 h3 31. Rb2 Kf7 32. Kb6 hxg2 33. Rxg2 g4 34.
fxg4 f3 35. Rd2 Bxg4 36. Rxd7+ Kg6 37. Rd4 Bh3 38. Bg3 Bg2 39. Bf2 e5 40. Rd6+
Kf5 41. Rd7 e4 42. Re7 e3 43. Rxe3 Rd8 44. Kc7 Rg8 45. Re7 Bf1 46. Kb7 Bc4 47.
Rd7 Ke6 48. Rd4 Bxa2 49. a8=Q Bd5+ 50. Rxd5 Rxa8 51. Kxa8 Kxd5 52. h4 Ke4 53.
Kb7 Kf4 54. Kc6 Ke5 55. Kd7 Kf5 56. Kd6 Ke4 57. Ke6 Kf4 58. Kf6 Kg4 59. Kg6 Kf4
60. h5 Ke5 61. h6 Kf4 62. h7 Ke4 63. h8=Q Kd3 64. Qd4+ Ke2 65. Qe3+ Kd1 66.
Qxf3+ Kd2 67. Kf5 Kc2 68. Ke4 68... Kd2 {Hossa resigns} 1-0

[Event "ICS unrated blitz match"]
[Site "204.178.125.65"]
[Date "1999.10.13"]
[Round "?"]
[White "Hossa"]
[Black "Moron"]
[Result "0-1"]
[WhiteElo "2422"]
[BlackElo "2874"]
[PlyCount "164"]
[EventDate "1999.??.??"]

1. e4 e5 2. Nc3 Bc5 3. Nf3 d6 4. Na4 Bb6 5. Nxb6 axb6 6. d4 exd4 7. Qxd4 Nf6 8.
Bg5 Nc6 9. Bb5 Bd7 10. Bxc6 Bxc6 11. O-O O-O 12. Bxf6 Qxf6 13. Qxf6 gxf6 14.
Nd2 Ra5 15. g4 h5 16. gxh5 f5 17. Rfe1 Re8 18. b4 Rb5 19. exf5 Rxe1+ 20. Rxe1
Rxb4 21. Nf1 Rg4+ 22. Ng3 Rc4 23. Rc1 Kg7 24. f3 Ra4 25. Kf2 Rxa2 26. Ke2 Ra3
27. Re1 Kf6 28. f4 Bf3+ 29. Kd2 Ra8 30. Re3 Bc6 31. Rd3 Ra2 32. Rc3 b5 33. Rb3
Ra4 34. Ke3 Ra1 35. Rd3 Ra2 36. Rd2 Ra3+ 37. Rd3 Ra8 38. h3 Ra2 39. h6 Ra8 40.
Kd4 Rh8 41. h4 Rxh6 42. h5 Rh8 43. Re3 Rg8 44. Kc3 Rg4 45. Kd2 Rxf4 46. Rd3
Rf2+ 47. Kc1 Kg5 48. Kb2 Rf3 49. Rxf3 Bxf3 50. Kc3 Bxh5 51. Kb4 Bf3 52. Kc3 c6
53. Kd2 Kf4 54. Nf1 f6 55. Ne3 d5 56. c3 Be4 57. Ke2 Bxf5 58. Kd2 Be4 59. Ke2
f5 60. Nf1 Bf3+ 61. Kf2 Bd1 62. Ne3 Ba4 63. Ke2 Bb3 64. Kd3 Bc4+ 65. Kd2 Ke4
66. Nd1 f4 67. Nf2+ Kf3 68. Ke1 Kg3 69. Nh1+ Kg4 70. Nf2+ Kf3 71. Nd1 Be2 72.
Nf2 Ke3 73. Nh3 Bf3 74. Kf1 d4 75. cxd4 b4 76. d5 b3 77. Nxf4 b2 78. Ng2+ Bxg2+
79. Kxg2 b1=Q 80. dxc6 Qg6+ 81. Kh2 Kf2 82. cxb7 82... Qg2# {Hossa checkmated}
0-1

[Event "ICS unrated blitz match"]
[Site "204.178.125.65"]
[Date "1999.10.18"]
[Round "?"]
[White "Hossa"]
[Black "Moron"]
[Result "1/2-1/2"]
[WhiteElo "2523"]
[BlackElo "2887"]
[PlyCount "141"]
[EventDate "1999.??.??"]

1. e4 c5 2. Nf3 e6 3. Nc3 Nc6 4. d4 cxd4 5. Nxd4 Qc7 6. Ndb5 Qb8 7. Bc4 a6 8.
Nd4 b5 9. Bb3 Qd6 10. Be3 Bb7 11. O-O Nxd4 12. Bxd4 b4 13. Na4 Bxe4 14. Nc5 Nf6
15. a3 bxa3 16. Rxa3 e5 17. Be3 Qxd1 18. Rxd1 Bxc5 19. Bxc5 Bc6 20. Bd6 e4 21.
Ra5 h6 22. Re5+ Kd8 23. Bxf7 Kc8 24. Bg6 a5 25. Re7 Rg8 26. Be5 Kd8 27. Rxg7
Rxg7 28. Bxf6+ Re7 29. c4 Ra7 30. Bxe7+ Kxe7 31. Re1 Rb7 32. Bxe4 Bxe4 33.
Rxe4+ Kd6 34. Re2 Kc5 35. f4 Kxc4 36. f5 Kd5 37. f6 Rb8 38. f7 Rf8 39. Re3 Rxf7
40. Ra3 Ke5 41. Rxa5+ d5 42. Ra6 Rb7 43. Rxh6 Rxb2 44. Rh7 d4 45. Re7+ Kf5 46.
h3 d3 47. Rf7+ Ke4 48. Re7+ Kf5 49. Rd7 Ke4 50. h4 d2 51. Kf1 Ke3 52. Re7+ Kd3
53. Rd7+ Ke3 54. Re7+ Kd3 55. Rd7+ Kc2 56. Rc7+ Kd1 57. Kf2 Rb6 58. g4 Rb1 59.
Rd7 Rc1 60. Ra7 Kc2 61. Rc7+ Kb3 62. Rd7 d1=Q 63. Rxd1 Rxd1 64. Ke3 Kc4 65. Kf4
Kd4 66. Kf5 Rh1 67. g5 Rxh4 68. g6 Rh5+ 69. Kf6 Rh6 70. Kf7 Rxg6 71. Kxg6 {
Game drawn because neither player has mating material} 1/2-1/2